000 00505nam a2200181Ia 4500
005 20250508161459.0
008 008 250505s9999 xx 000 0 eng d
037 _aTextual
040 _aFEDL
_beng
_cFEDL
041 _aeng
_2eng
084 _a420.7, BAL
_qFEDL
100 _aBallard P B
_991388
245 0 _aTeaching and testing English
260 _aLondon, UK
_bUnviersity of London Press Ltd.
_c1964
300 _axi,167p
942 _cTEXL
_h420.7, BAL
999 _c1370220
_d1370220